| 000 | 01121nam a22002537a 4500 | ||
|---|---|---|---|
| 005 | 20170124103148.0 | ||
| 010 | _aA-421739 | ||
| 020 | _c50.00 | ||
| 035 | _aA-421739 | ||
| 037 | _bCen Lib/Ret | ||
| 040 |
_aDPL _bHN |
||
| 082 |
_a640 _bआधुनि |
||
| 245 |
_aआधुनिक परिवारों की गृह-व्यवस्था / _cसंपादक प्रभा सिंहल |
||
| 246 |
_aAdhunik parivaron ki grah-vyavastha / _bsampadak Prabha Singhal |
||
| 260 |
_aचंडीगढ़ _bहरियाणा साहित्य अकादमी _c1989 |
||
| 270 | _bचंडीगढ़ | ||
| 300 |
_a354पृ. _c21सेमी (सजिल्द) |
||
| 650 |
_aगृह व्यवस्था--पारीवारिक संगठन _986811 |
||
| 650 |
_aपारिवारिक साधन व्यवस्था _986812 |
||
| 650 |
_aHousekeeping--Family Organization _986813 |
||
| 650 |
_aFamily resource management _986814 |
||
| 700 |
_aसिंहल, प्रभा _986815 |
||
| 942 |
_2ddc _cHN _h640 _mआधुनि |
||
| 999 |
_c119777 _d119777 |
||